| Tag |
First Indicator |
Second Indicator |
Subfields |
| LEADER |
00000cam a2200000 a 4500 |
| 001 |
in00000071794 |
| 005 |
20151008062409.0 |
| 008 |
800625s1937 enka b 00010 engm |
| 010 |
|
|
|a a 46005222
|
| 035 |
|
|
|a (OCoLC)06457786
|
| 035 |
|
|
|9 AAK0141AM
|
| 040 |
|
|
|a DLC
|c CSM
|d m.c.
|d TXA
|d UtOrBLW
|
| 041 |
0 |
|
|a eng
|a lat
|
| 049 |
|
|
|a TXAM
|c [800507]
|
| 050 |
|
0 |
|a PA6156.E5
|b R6 1937
|
| 100 |
1 |
|
|a Lucretius Carus, Titus.
|
| 245 |
1 |
0 |
|a De rerum natura /
|c Lucretius ; with an English translation by W.H.D. Rouse.
|
| 264 |
|
1 |
|a London :
|b W. Heinemann ;
|a Cambricge, Mass. :
|b Harvard University Press,
|c 1937.
|
| 300 |
|
|
|a xxi, 537 pages :
|b illustrations ;
|c 17 cm.
|
| 336 |
|
|
|a text
|b txt
|2 rdacontent
|
| 337 |
|
|
|a unmediated
|b n
|2 rdamedia
|
| 338 |
|
|
|a volume
|b nc
|2 rdacarrier
|
| 490 |
1 |
|
|a The Loeb classical library. [Latin authors]
|
| 500 |
|
|
|a Latin and English on opposite pages.
|
| 504 |
|
|
|a "Editions": pages xvii-xviii. "Translations and helps": pages xvii-xix.
|
| 700 |
1 |
|
|a Rouse, W. H. D.
|q (William Henry Denham),
|d 1863-1950.
|
| 830 |
|
0 |
|a Loeb classical library.
|
| 999 |
|
|
|a MARS
|
| 999 |
f |
f |
|s 23e5f9bd-5ec8-3d23-b459-7904df1eac9f
|i 8932ab16-0fb8-3c99-b768-d8129420b6a4
|t 0
|
| 952 |
f |
f |
|p ric
|a Texas A&M University
|b Rellis Campus
|c Joint Library Facility
|s JLF
|d Remote Storage
|t 0
|e PA6156.E5 R6 1937
|h Library of Congress classification
|i unmediated -- volume
|m A14806173858
|
| 998 |
f |
f |
|a PA6156.E5 R6 1937
|t 0
|l Remote Storage
|